| 000 | 00917nam a22002777a 4500 | ||
|---|---|---|---|
| 001 | 000480 | ||
| 003 | DO-SdBNP | ||
| 005 | 20240917124813.0 | ||
| 007 | 000480 | ||
| 008 | 160906b2003 ck ||| 00| 0 spa d | ||
| 020 | _a9586771679 | ||
| 040 |
_aBPMSU _bspa _cBPMSU |
||
| 082 | 4 |
_a796.1 _bM678j 2003 _222 |
|
| 245 | 0 | 0 |
_aMis juegos preferidos / _cEditor Gustavo de Elorza ; ilustración Magaly Martínez... [y otros] ; compilación María Elena Sanabria |
| 246 | 1 | 4 | _aMis canciones y juegos preferidos |
| 260 |
_aColombia : _bZamora Ediciones, _c2003 |
||
| 300 |
_a156 p. : _bils. ; _c28 cm. |
||
| 590 | _aInventariado, 2024/VM | ||
| 650 | 4 | _aJuegos infantiles. | |
| 650 | 4 |
_aPoesía infantil _vColecciones |
|
| 700 | 1 | _aElorza, Gustavo de | |
| 700 | 1 |
_a Martínez, Magaly _eilustraciones |
|
| 700 | 1 |
_aSanabria, María Elena _ecompiladora |
|
| 910 | _aVMateo V. Control de calidad. BPMSU | ||
| 942 |
_2ddc _cBK |
||
| 999 |
_c14815 _d14815 |
||